00612nam a2200193Ia 4500003000900000008004100009020002200050040001600072080001300088100001800101245015600119250001200275260002900287300001500316650004100331650001000372650001200382650002400394IN-BaIIA211028s9999 xx 000 0 eng d a978-0-387-26168-3 cIIA Library a535bMOL aMoller, K. D. 0aOpticsblearning by computing with examples, using Mathcad, Matlab, Mathematica, and MaplecK. D. Moller  a2nd ed. aNew YorkbSpringerc2007 axvi, 453p. aGeometrical optics - data processing aMaple aMathCAD aMATLAB, Mathematics